| 000 | 00516 a2200157 4500 | ||
|---|---|---|---|
| 040 |
_aDLC _bDLC |
||
| 100 | 1 | _aSanchez, Julio, | |
| 245 | 1 | 0 |
_aMicrocontroller programming: the microchip PIC _bthe microchip PIC _cJulio Sanchez, Maria P. Canton |
| 260 |
_aBoca Raton, FL : _bCRC Press, _cc2007. |
||
| 300 |
_axvii, 804 p. : _bill. ; _c27 cm. |
||
| 500 | _aIncludes index. | ||
| 650 | 0 | _aProgrammable controllers. | |
| 650 | 0 |
_aMicroprocessors _xProgramming. |
|
| 700 | 1 | _aCanton, Maria P. | |
| 942 |
_cBK _k629.895 SAN _2ddc |
||
| 999 |
_c9828 _d9828 |
||